00201nam a2200085Ia 4500008004100000100001900041245004000060260000600100260000900106170617s9999 xx 000 0 und d aKar- Ashutosh 0aPharmacognosy & Pharmabiotechnology b2 c2007